000
00296nam a2200133Ia 4500
008
230818s1997 xx 000 0 und d
041
_a
eng
100
_a
Hugo
245
_a
French
260
_b
Hugo`s Books pub.
_c
1997
300
_a
256p
520
_a
General | Hard Board
999
_c
854529
_d
854529
650
_a
French